000 00491nam a2200145Ia 4500
008 100122s9999 xx 000 0 und d
082 _b10805
_a822.09
100 _aजोशी वि कृ
245 _aलोक नाट्याची परंपरा
260 _bठोकळ प्रकाशन
_c1961
300 _a258
630 _aलोक नाट्याची परंपरा
730 _aलोक नाट्याची परंपरा
942 _cBOOK
999 _c402387
_d402384